1686 1843 1060 1135 1387 1774 1725 1488 1741 1050 1023 1821 1143 1321 1862 1222 1060 1149 1870 1427 1587 1221 1253 1385 1659 1662 1350 1546 1710 1120 1695 1118 1408 1877 1553 1534 1505 1451 1466 1753 1271 1806 1897 1115 1219 1177 1579 1670 1564 1264 1851 1256 1554 1115 1543 1144 1282 1437 1302 1784 1788 1436 1256 1353 1653 1936 1416 1861 1900 1991 1844 1257 1085 1303 1246 1910 1047 1401 1451 1123 1373 1609 1251 1760 1445 1594 1886 1414 1546 1358 1805 1827 1613 1156 1984 1168 1339 1145 1247 BCNSPRNW ULIB Ver.6.0+V

เปลี่ยนเป็นภาษาไทย

Change to English
 แสดงรายละเอียดบรรณานุกรม
  กลับหน้าหลัก

Brief Record : Get Marc (ISO 2709) : E-mail record : QR code < ปิดหน้าต่าง
LEADER : 00000nam 2200000uu 4500
001    13399111234
003     ULIB
008    110621s2551||||th 000 0 tha d
020    9789740543176
060 04 QV770.JC6^bศ693ย 2551
100 0  ศุภนิมิต ทีฆชุณหเถียร
245 10 ยาจีนกับพลังปราณ /^cศุภนิมิต ทีฆชุณหเถียร
250    พิมพ์ครั้งที่ 1
260    กรุงเทพฯ :^bหมอชาวบ้าน,^c2551
300    163 หน้า :^bภาพประกอบ ;^c22 ซม.
650  7 สมุนไพร^zจีน
650  7 การรักษาด้วยสมุนไพร
650  7 ยาแผนโบราณ^zจีน
650  7 การแพทย์แผนโบราณ^zจีน
945    ^p160^l0^i18112
995    กัณชพร
999    ^aใช้งานได้ทุกระบบ
รายการนี้ยังไม่มีแท็ก
คุณยังไม่ได้ล็อกอิน คุณสามารถมีกิจกรรมร่วมกับเว็บไซต์ได้ แต่ต้องล็อกอินก่อน ::
  ล็อกอิน

รายการสื่อสารสนเทศ

ลำดับที่ ประเภท เลขเรียก/บาร์โค้ด สถานที่ สถานะ
- ไม่พบข้อมูล -

รายการใกล้เคียง
    ผู้แต่ง [ศุภนิมิต ทีฆชุณหเถียร]

    หัวเรื่อง [การรักษาด้วยสมุนไพร]

BibComment


ยังไม่เคยถูกคอมเมนท์

คอมเมนท์ทรัพยากรรายการนี้
  คอมเมนท์: ยาจีนกับพลังปราณ ..


 Copyright 2026. Bcnsprnw @Library